Comments on Tasmanian Planning and Development Bill 1974 /

Saved in:
Bibliographic Details
Other Authors: Chapman, R. J. K. (Ralph J. K.)
Format: Book
Language:English
Published: [Hobart : University of Tasmania], 1975.
Subjects:
LEADER 00965nam a2200253 i 4500
001 c000066882
003 CARM
005 00000000000000.0
008 810731s1975 at 00000 eng d
019 1 |a 2566036  |5 LACONCORD2021 
035 |a (OCoLC)220273710  |5 LACONCORD2021 
042 |a anuc 
043 |a u-at-tm 
245 0 0 |a Comments on Tasmanian Planning and Development Bill 1974 /  |c by R.J.K. Chapman...[et al.]. 
260 |a [Hobart :  |b University of Tasmania],  |c 1975. 
300 |a 15 p. ;  |c 30 cm. 
500 |a Caption title. 
650 0 |a Land use  |x Law and legislation  |z Tasmania. 
650 0 |a Natural resources  |x Law and legislation  |z Tasmania. 
700 1 |a Chapman, R. J. K.  |q (Ralph J. K.) 
852 8 |b CARM  |h A2:AF09D2  |i D01009  |p 0053516  |f BK 
082 0 4 |a 346/.946044 
999 f f |i 1b4c396e-31cf-52c2-be43-30373650731d  |s 72eb14a0-ffe8-5cfe-b498-81e4a153b003 
952 f f |p Can circulate  |a CAVAL  |b CAVAL  |c CAVAL  |d CARM 1 Store  |e D01009  |f A2:AF09D2  |h Other scheme  |i book  |m 0053516